Instructor's Manual

Bibliographic Details
Main Author: Barnes, N. Sue
Format: Section = Libro
Language:Undetermined
Spanish
Published: New York Worth Publishers, Inc 1985
Subjects:
LEADER 00522nam a2200205Ia 4500
008 240830s9999 xx 000 0 und d
020 |a 0-87301-257-9 
040 |a CEDOC FIQ-RUSB / 570 B261 
041 |a spa 
082 |a 570 B261 
100 1 |a Barnes, N. Sue 
245 1 0 |a Instructor's Manual 
260 |a New York  |b Worth Publishers, Inc  |c 1985 
300 |a 165 p.: il. 
650 7 |a CIENCIAS BIOLÓGICAS 
650 7 |b  LA DIVERSIDAD DE LA VIDA 
650 7 |c  EVOLUCIÓN 
942 |c BK  |2 ddc 
991 |a TEXTO 
999 |c 27116